[Event "Niedersachsen-ch open"]
[Site "Verden"]
[Date "2010.01.06"]
[Round "7.13"]
[White "Wierum, Colin"]
[Black "Lossin, Sven Hendrik"]
[Result "1-0"]
[WhiteElo "1934"]
[BlackElo "2067"]
[PlyCount "55"]
[EventDate "2010.01.03"]
[EventType "swiss"]
[EventRounds "7"]
[EventCountry "GER"]
[SourceTitle "EXT 2012"]
[Source "ChessBase"]
[SourceDate "2011.11.24"]
[SourceVersion "1"]
[SourceVersionDate "2011.11.24"]
[SourceQuality "1"]

1. e4 b6 2. d4 Bb7 3. f3 e6 4. Be3 d5 5. exd5 exd5 6. Qd2 Bd6 7. Nc3 a6 8. 0-0-0 Ne7 9. h4 c5 10. dxc5 bxc5 11. Bg5 Qc7 12. Nh3 f6 13. Bf4 Nd7 14. Nxd5 Nxd5 15. Bxd6 Qxd6 16. c4 Qg3 17. cxd5 Qxh4 18. Re1+ Kf7 19. Nf4 Qxh1 20. Bc4 Qh6 21. d6+ Kf8 22. Ne6+ Kf7 23. Nxg7+ Kxg7 24. Re7+ Kg6 25. Bd3+ f5 26. Bxf5+ Kxf5 27. Qxh6 Bc6 28. g4# 1-0

[Event "Niedersachsen-ch open"]
[Site "Verden"]
[Date "2010.01.05"]
[Round "6.14"]
[White "Lossin, Sven Hendrik"]
[Black "Eickhoff, Hermann"]
[Result "1/2-1/2"]
[WhiteElo "2067"]
[BlackElo "2030"]
[PlyCount "73"]
[EventDate "2010.01.03"]
[EventType "swiss"]
[EventRounds "7"]
[EventCountry "GER"]
[SourceTitle "EXT 2012"]
[Source "ChessBase"]
[SourceDate "2011.11.24"]
[SourceVersion "1"]
[SourceVersionDate "2011.11.24"]
[SourceQuality "1"]

1. d4 g6 2. e4 d6 3. c3 Bg7 4. Bd3 e5 5. dxe5 dxe5 6. Nf3 Nc6 7. 0-0 Nge7 8. Qe2 0-0 9. Rd1 Bg4 10. Nbd2 Qd7 11. h3 Rad8 12. Bc2 Bxf3 13. Nxf3 Qc8 14. Be3 Rxd1+ 15. Rxd1 Rd8 16. b4 a6 17. a4 Rxd1+ 18. Qxd1 Qd8 19. Qe2 h6 20. Bb3 Nc8 21. b5 axb5 22. axb5 N6e7 23. Ne1 Nd6 24. Qd3 b6 25. Bd5 Nxd5 26. Qxd5 Qe7 27. f3 Qe6 28. Qc6 Qc4 29. Nc2 Qxc6 30. bxc6 Nc4 31. Kf2 Bf8 32. Ke2 h5 33. Bf2 Bd6 34. Nb4 b5 35. Nd5 Kf8 36. Bh4 Na5 37. Bd8 1/2-1/2

[Event "Niedersachsen-ch open"]
[Site "Verden"]
[Date "2010.01.03"]
[Round "2.10"]
[White "Lossin, Sven Hendrik"]
[Black "Langer, Michael Sebastian"]
[Result "1-0"]
[WhiteElo "2067"]
[BlackElo "1986"]
[PlyCount "65"]
[EventDate "2010.01.03"]
[EventType "swiss"]
[EventRounds "7"]
[EventCountry "GER"]
[SourceTitle "EXT 2012"]
[Source "ChessBase"]
[SourceDate "2011.11.24"]
[SourceVersion "1"]
[SourceVersionDate "2011.11.24"]
[SourceQuality "1"]

1. d4 d5 2. Nf3 c6 3. c4 Nf6 4. Qc2 e6 5. g3 Nbd7 6. Bg2 Be7 7. 0-0 0-0 8. Nbd2 Re8 9. Rd1 h6 10. e4 dxe4 11. Nxe4 Nxe4 12. Qxe4 Nf6 13. Qe2 Qa5 14. Ne5 Qa6 15. b3 Bd7 16. Be3 Rad8 17. h4 Bc8 18. Qf3 Rf8 19. g4 Nd7 20. Nxd7 Bxd7 21. g5 hxg5 22. hxg5 b5 23. c5 Qc8 24. Qg3 g6 25. Be4 Kg7 26. Bf4 Be8 27. Kg2 f6 28. Rh1 fxg5 29. Be5+ Bf6 30. Qxg5 Bxe5 31. Qxe5+ Rf6 32. Rh7+ Kxh7 33. Qxf6 1-0

[Event "Mecklenburg VP LL 0607"]
[Site "Mecklenburg VP"]
[Date "2006.11.19"]
[Round "3.1"]
[White "Lossin, Sven Hendrik"]
[Black "Jasnikowski, Zbigniew"]
[Result "0-1"]
[WhiteElo "1980"]
[BlackElo "2453"]
[PlyCount "52"]
[EventDate "2006.10.15"]
[EventType "team"]
[EventRounds "9"]
[EventCountry "GER"]
[SourceTitle "EXT 2008"]
[Source "ChessBase"]
[SourceDate "2007.11.25"]
[SourceVersion "1"]
[SourceVersionDate "2007.11.25"]
[SourceQuality "1"]
[WhiteTeam "Greifswald II"]
[BlackTeam "Neukloster"]
[WhiteTeamCountry "GER"]
[BlackTeamCountry "GER"]

1. d4 Nf6 2. Nf3 d5 3. e3 g6 4. Bd3 Bg7 5. 0-0 0-0 6. Nbd2 Nbd7 7. e4 dxe4 8. Nxe4 Nxe4 9. Bxe4 c5 10. c3 cxd4 11. Nxd4 Nc5 12. Bc2 a6 13. Nb3 Na4 14. Qf3 Qc7 15. Qe4 Bf5 16. Qe2 Bxc2 17. Qxc2 b5 18. Qe4 Rac8 19. Re1 Rfd8 20. Bf4 Qc4 21. Rab1 Qxe4 22. Rxe4 Nxb2 23. Rxe7 Na4 24. h4 Nxc3 25. Rbe1 Nd5 26. R7e4 f5 0-1

[Event "Mecklenburg VP LL 0607"]
[Site "Mecklenburg VP"]
[Date "2006.10.15"]
[Round "1.2"]
[White "Luethke, Hans Eckart"]
[Black "Lossin, Sven Hendrik"]
[Result "1/2-1/2"]
[WhiteElo "2188"]
[BlackElo "1980"]
[PlyCount "88"]
[EventDate "2006.10.15"]
[EventType "team"]
[EventRounds "9"]
[EventCountry "GER"]
[SourceTitle "EXT 2008"]
[Source "ChessBase"]
[SourceDate "2007.11.25"]
[SourceVersion "1"]
[SourceVersionDate "2007.11.25"]
[SourceQuality "1"]
[WhiteTeam "Schwerin"]
[BlackTeam "Greifswald II"]
[WhiteTeamCountry "GER"]
[BlackTeamCountry "GER"]

1. Nf3 Nf6 2. b3 d5 3. Bb2 e6 4. e3 Bd6 5. c4 0-0 6. Be2 Nbd7 7. d4 c6 8. 0-0 Qe7 9. Ne5 Ne8 10. Nd2 f6 11. Nxd7 Bxd7 12. e4 Ba3 13. Bxa3 Qxa3 14. Bf3 Nc7 15. Qc2 Qd6 16. Rfd1 Rae8 17. Nf1 Bc8 18. Ne3 dxe4 19. Bxe4 f5 20. Bf3 e5 21. c5 Qf6 22. dxe5 Qxe5 23. b4 Be6 24. Nc4 Bxc4 25. Qxc4+ Kh8 26. a4 a6 27. Rab1 Rd8 28. h3 h6 29. Qh4 Ne6 30. Qe7 Qf6 31. Qxb7 Nd4 32. Rd3 a5 33. bxa5 Qe5 34. Qa6 Qxc5 35. Qb6 Qc2 36. Re3 f4 37. Bd1 Ne2+ 38. Rxe2 Rxd1+ 39. Re1 Rd2 40. Rf1 f3 41. Rfc1 Qxa4 42. Rxc6 Rd1+ 43. Rxd1 Qxd1+ 44. Kh2 fxg2 1/2-1/2

[Event "Mecklenburg VP LL1 0405"]
[Site "Mecklenburg VP"]
[Date "2005.02.13"]
[Round "6.5"]
[White "Lossin, Sven Hendrik"]
[Black "Schmidt, Gerhard2222"]
[Result "1-0"]
[WhiteElo "1896"]
[BlackElo "1605"]
[PlyCount "123"]
[EventDate "2004.10.24"]
[EventType "team"]
[EventRounds "9"]
[EventCountry "GER"]
[SourceTitle "EXT 2009"]
[Source "ChessBase"]
[SourceDate "2008.11.26"]
[SourceVersion "1"]
[SourceVersionDate "2008.11.26"]
[SourceQuality "1"]
[WhiteTeam "Greifswald II"]
[BlackTeam "Stralsund TSV"]
[WhiteTeamCountry "GER"]
[BlackTeamCountry "GER"]

1. d4 Nf6 2. c4 e6 3. g3 d5 4. Nf3 c5 5. cxd5 cxd4 6. dxe6 Bxe6 7. Qxd4 Nc6 8. Qa4 Bb4+ 9. Bd2 Qd6 10. Bg2 0-0 11. 0-0 Ne4 12. Bf4 Qe7 13. a3 Nc5 14. Qc2 Bb3 15. Qc1 Ba5 16. Qe3 Bb6 17. Qxe7 Nxe7 18. Nbd2 Bd5 19. Rac1 Rfe8 20. Nc4 Ne6 21. Nxb6 Nxf4 22. gxf4 axb6 23. Rc7 Rac8 24. Rfc1 Bc6 25. Rxc8 Rxc8 26. Ne5 f6 27. Bxc6 bxc6 28. Nd3 c5 29. Kg2 Kf7 30. Kf3 f5 31. Ne5+ Ke6 32. Rg1 g6 33. h4 Rd8 34. h5 Rd2 35. hxg6 hxg6 36. Nc4 Rc2 37. Nxb6 Rxb2 38. Nc4 Rc2 39. Ne3 Ra2 40. Rc1 Nc6 41. Rxc5 Nd4+ 42. Kg2 Rxa3 43. Re5+ Kf7 44. Nc4 Ra6 45. e3 Ne6 46. Rb5 Ra7 47. Rd5 Kf6 48. Nd6 Rd7 49. Ne8+ Ke7 50. Rxd7+ Kxd7 51. Nf6+ Ke7 52. Nh7 Nc5 53. Ng5 Kf6 54. Kf1 Kg7 55. Ke2 Kh6 56. Kd2 Nb7 57. Kd3 Nd6 58. Kd4 Nc8 59. Kd5 Ne7+ 60. Kd6 Ng8 61. Kd7 Ne7 62. Kxe7 1-0

[Event "Mecklenburg VP LL1 0405"]
[Site "Mecklenburg VP"]
[Date "2005.01.16"]
[Round "5.7"]
[White "Jungmichel, Dirk"]
[Black "Lossin, Sven Hendrik"]
[Result "1-0"]
[WhiteElo "1905"]
[BlackElo "1896"]
[PlyCount "95"]
[EventDate "2004.10.24"]
[EventType "team"]
[EventRounds "9"]
[EventCountry "GER"]
[SourceTitle "EXT 2009"]
[Source "ChessBase"]
[SourceDate "2008.11.26"]
[SourceVersion "1"]
[SourceVersionDate "2008.11.26"]
[SourceQuality "1"]
[WhiteTeam "Stralsund"]
[BlackTeam "Greifswald II"]
[WhiteTeamCountry "GER"]
[BlackTeamCountry "GER"]

1. d4 Nf6 2. Nf3 c5 3. d5 e6 4. c4 exd5 5. cxd5 Bd6 6. Nc3 Bc7 7. g3 d6 8. Bg2 0-0 9. 0-0 Re8 10. Qc2 a6 11. a4 Nbd7 12. e4 Rb8 13. Nd2 b5 14. axb5 axb5 15. b3 Ne5 16. h3 Nh5 17. Ne2 Qf6 18. Bb2 Qg6 19. f4 Bxh3 20. fxe5 Nxg3 21. Nxg3 Qxg3 22. Nf3 dxe5 23. Qf2 Qxg2+ 24. Qxg2 Bxg2 25. Kxg2 f6 26. Ra6 Rb6 27. Rfa1 c4 28. Rxb6 Bxb6 29. Ra6 Bd4 30. Nxd4 exd4 31. Kf3 c3 32. Ba3 f5 33. Re6 Ra8 34. d6 Rd8 35. Ke2 f4 36. Re7 f3+ 37. Kxf3 c2 38. d7 b4 39. Re8+ Kf7 40. Rxd8 bxa3 41. Rc8 a2 42. d8Q a1Q 43. Qe8+ Kf6 44. Rc6+ Kg5 45. Qe5+ Kh4 46. Qg3+ Kh5 47. Rc5+ Kh6 48. Qg5# 1-0

[Event "CFriend AH-2003-0-00004 email"]
[Site "Chessfriend.com"]
[Date "2003.09.01"]
[Round "1"]
[White "Heinzer, Ralf"]
[Black "Lossin, Sven Hendrik"]
[Result "1/2-1/2"]
[WhiteElo "1911"]
[BlackElo "2236"]
[PlyCount "38"]
[EventDate "2003.??.??"]
[EventType "tourn (corr)"]
[EventRounds "6"]
[SourceTitle "Corr 2024"]
[Source "ChessBase"]
[SourceDate "2023.10.19"]
[SourceVersion "1"]
[SourceVersionDate "2023.10.19"]
[SourceQuality "1"]

1. d4 Nf6 2. c4 g6 3. Nc3 d5 4. cxd5 Nxd5 5. e4 Nxc3 6. bxc3 Bg7 7. Be3 0-0 8. Nf3 c5 9. Rb1 b6 10. Bc4 Bb7 11. Ng5 h6 12. Nxf7 Rxf7 13. Qg4 cxd4 14. Bxd4 e5 15. Bxe5 Bxe5 16. Qxg6+ Kh8 17. Rd1 Bxc3+ 18. Ke2 Rxf2+ 19. Kxf2 Qf6+ 1/2-1/2

[Event "CFriend AH-2003-0-00004 email"]
[Site "Chessfriend.com"]
[Date "2003.09.01"]
[Round "1"]
[White "Jeremejev, Artjom"]
[Black "Lossin, Sven Hendrik"]
[Result "0-1"]
[WhiteElo "1932"]
[BlackElo "2236"]
[PlyCount "32"]
[EventDate "2003.??.??"]
[EventType "tourn (corr)"]
[EventRounds "6"]
[SourceTitle "Corr 2024"]
[Source "ChessBase"]
[SourceDate "2023.10.19"]
[SourceVersion "1"]
[SourceVersionDate "2023.10.19"]
[SourceQuality "1"]

1. e4 d6 2. d4 Nf6 3. Nc3 c6 4. a4 Na6 5. Bg5 Qa5 6. Qd2 Nb4 7. Bxf6 gxf6 8. Nf3 Bh6 9. Qd1 f5 10. Bd3 fxe4 11. Bxe4 d5 12. Bd3 Bg4 13. 0-0 Rg8 14. Kh1 Bg7 15. Be2 Qc7 16. Qd2 Qd6 0-1

[Event "Leipzig VfB op 10th"]
[Site "Leipzig"]
[Date "2003.03.16"]
[Round "9"]
[White "Gempe, Thomas"]
[Black "Lossin, Sven Hendrik"]
[Result "1-0"]
[WhiteElo "2222"]
[BlackElo "2062"]
[PlyCount "91"]
[EventDate "2003.03.11"]
[EventType "swiss"]
[EventRounds "9"]
[EventCountry "GER"]
[SourceTitle "EXT 2008"]
[Source "ChessBase"]
[SourceDate "2007.11.25"]
[SourceVersion "1"]
[SourceVersionDate "2007.11.25"]
[SourceQuality "1"]

1. e4 c5 2. Nf3 Nc6 3. d4 cxd4 4. Nxd4 Nf6 5. Nc3 d6 6. Bg5 e6 7. Qd2 a6 8. 0-0-0 Bd7 9. f3 Qc7 10. Kb1 Be7 11. g4 h6 12. Be3 Nxd4 13. Bxd4 Bc6 14. h4 0-0-0 15. Qe3 Rdg8 16. Bb6 Qd7 17. Bc4 Bd8 18. Bd4 Qe7 19. b4 b5 20. Bb3 Qb7 21. Ne2 d5 22. e5 Nd7 23. f4 Nb6 24. f5 Nc4 25. Qf4 Be7 26. c3 Rf8 27. g5 exf5 28. Qxf5+ Bd7 29. Qf4 Be6 30. Ka1 hxg5 31. hxg5 g6 32. Bc2 Qd7 33. Bd3 Qd8 34. Bxc4 bxc4 35. Qc1 Bg4 36. Qa3 Kb7 37. Bc5 Rxh1 38. Rxh1 Bxe2 39. b5 Bxc5 40. Qxc5 a5 41. e6 Qc8 42. Qe7+ Kb6 43. Qd6+ Kb7 44. Rh7 Qe8 45. Qxf8 Qxe6 46. Rxf7+ 1-0

[Event "Leipzig VfB op 10th"]
[Site "Leipzig"]
[Date "2003.03.14"]
[Round "6"]
[White "Lossin, Sven Hendrik"]
[Black "Lothal, Guenter"]
[Result "1/2-1/2"]
[WhiteElo "2062"]
[BlackElo "1873"]
[PlyCount "99"]
[EventDate "2003.03.11"]
[EventType "swiss"]
[EventRounds "9"]
[EventCountry "GER"]
[SourceTitle "EXT 2008"]
[Source "ChessBase"]
[SourceDate "2007.11.25"]
[SourceVersion "1"]
[SourceVersionDate "2007.11.25"]
[SourceQuality "1"]

1. d4 d5 2. Nf3 Nf6 3. c4 c6 4. Qc2 g6 5. g3 Bg7 6. Bg2 0-0 7. 0-0 Bf5 8. Qb3 b6 9. Nc3 dxc4 10. Qxc4 b5 11. Qb3 a5 12. Ne5 Ra6 13. e4 a4 14. Qd1 Bc8 15. Be3 Nbd7 16. Nxc6 Rxc6 17. e5 Rb6 18. exf6 Bxf6 19. Nd5 Ra6 20. Qe2 Ra7 21. Qxb5 Ra5 22. Qb4 e6 23. Nf4 Qb6 24. Qd2 Rb5 25. Rab1 Qb8 26. Qc2 Bb7 27. Qxa4 Bxg2 28. Nxg2 Qb7 29. Qc2 Rc8 30. Qd2 Rd5 31. Nf4 Ne5 32. f3 Nc4 33. Nxd5 Nxd2 34. Nxf6+ Kg7 35. Ne8+ Rxe8 36. Bxd2 Qd5 37. Bc3 Qxa2 38. d5+ Kg8 39. d6 Rd8 40. Bb4 Qb3 41. Ba3 Qe3+ 42. Kg2 Kg7 43. Rbc1 Qd2+ 44. Kh1 Qe2 45. Rce1 Qd2 46. Re4 Rc8 47. Rfe1 Qf2 48. R4e2 Qxf3+ 49. Kg1 Qd3 50. Re3 1/2-1/2

[Event "Leipzig VfB op 10th"]
[Site "Leipzig"]
[Date "2003.03.12"]
[Round "3"]
[White "Kripfganz, Sebastian"]
[Black "Lossin, Sven Hendrik"]
[Result "0-1"]
[WhiteElo "1714"]
[BlackElo "2062"]
[PlyCount "68"]
[EventDate "2003.03.11"]
[EventType "swiss"]
[EventRounds "9"]
[EventCountry "GER"]
[SourceTitle "EXT 2008"]
[Source "ChessBase"]
[SourceDate "2007.11.25"]
[SourceVersion "1"]
[SourceVersionDate "2007.11.25"]
[SourceQuality "1"]

1. c4 Nf6 2. Nc3 g6 3. d4 d5 4. e3 Bg7 5. Nf3 0-0 6. b3 c5 7. Bb2 cxd4 8. Nxd4 Qa5 9. a3 Ne4 10. b4 Nxc3 11. Bxc3 Qc7 12. Qb3 dxc4 13. Bxc4 a6 14. b5 axb5 15. Nxb5 Bxc3+ 16. Nxc3 Nc6 17. Be2 Be6 18. Qb2 Ne5 19. 0-0 f6 20. Rfc1 Qc6 21. Qb4 Qd7 22. Ne4 Bd5 23. Rd1 Qe6 24. Nc5 Qf7 25. e4 Bc4 26. Bxc4 Nxc4 27. Rdc1 Na5 28. Nxb7 Nb3 29. Nc5 Rab8 30. Qc3 Rfc8 31. Qe3 Nxa1 32. Rxa1 Qa2 33. Re1 Rb1 34. Kf1 Qc4+ 0-1

[Event "BL2-Nord 0001"]
[Site "Germany"]
[Date "2001.04.01"]
[Round "8.8"]
[White "Jenull, Marco S"]
[Black "Lossin, Sven Hendrik"]
[Result "1-0"]
[WhiteElo "2170"]
[BlackElo "2089"]
[PlyCount "49"]
[EventDate "2000.10.15"]
[EventType "team-tourn"]
[EventRounds "9"]
[EventCountry "GER"]
[SourceTitle "CBM 082 Extra"]
[Source "ChessBase"]
[SourceDate "2001.07.03"]
[SourceVersion "1"]
[SourceVersionDate "2001.07.03"]
[SourceQuality "1"]
[WhiteTeam "Zehlendorf"]
[BlackTeam "Isernhagen"]
[WhiteTeamCountry "GER"]
[BlackTeamCountry "GER"]

1. e4 c5 2. d4 cxd4 3. c3 dxc3 4. Nxc3 Nc6 5. Nf3 Qc7 6. Bc4 Nf6 7. Qe2 e6 8. e5 Ng4 9. Bf4 a6 10. h3 Nh6 11. 0-0 Nf5 12. Rfd1 Be7 13. Rac1 b5 14. Bd3 g6 15. Ne4 Qa7 16. Nf6+ Bxf6 17. exf6 h5 18. Bxf5 gxf5 19. Qd2 Qb6 20. Qd6 Qb8 21. Rxc6 Qxd6 22. Rcxd6 Rg8 23. Ne5 Bb7 24. Rxd7 Bxg2 25. Re7+ 1-0